Welcome to WEB OPAC of MRSPTU Central Library

Intergrated Nutrient Management for Sustaining Crop Productivity and Soil Health (Record no. 7571)

MARC details
000 -LEADER
fixed length control field 00479nam a2200169Ia 4500
008 - FIXED-LENGTH DATA ELEMENTS--GENERAL INFORMATION
fixed length control field 230711s9999||||xx |||||||||||||| ||und||
020 ## - INTERNATIONAL STANDARD BOOK NUMBER
International Standard Book Number 81-8189-231-3
041 ## - LANGUAGE CODE
Language code of text/sound track or separate title ENG
082 ## - DEWEY DECIMAL CLASSIFICATION NUMBER
Classification number 631.422
Item number SA-I
100 ## - MAIN ENTRY--PERSONAL NAME
Personal name Chand, Subhash
245 #0 - TITLE STATEMENT
Title Intergrated Nutrient Management for Sustaining Crop Productivity and Soil Health
260 ## - PUBLICATION, DISTRIBUTION, ETC.
Date of publication, distribution, etc. 2008
Place of publication, distribution, etc. Lucknow
Name of publisher, distributor, etc. International Book Distributing Co.
300 ## - PHYSICAL DESCRIPTION
Extent 110p.
650 ## - SUBJECT ADDED ENTRY--TOPICAL TERM
Topical term or geographic name entry element Agriculture
700 ## - ADDED ENTRY--PERSONAL NAME
Personal name Sona Muthu,K
942 ## - ADDED ENTRY ELEMENTS (KOHA)
Koha item type Book
Holdings
Withdrawn status Lost status Damaged status Not for loan Collection Home library Current library Date acquired Total checkouts Full call number Barcode Date last seen Price effective from Koha item type
          MRSPTU Central Library MRSPTU Central Library     631.422 SA-I P2205 08/17/2023 08/17/2023 Book
          MRSPTU Central Library MRSPTU Central Library     631.422 SA-I P2206 08/17/2023 08/17/2023 Book
          MRSPTU Central Library MRSPTU Central Library     631.422 SA-I P2207 08/17/2023 08/17/2023 Book
          MRSPTU Central Library MRSPTU Central Library     631.422 SA-I P2208 08/17/2023 08/17/2023 Book
          MRSPTU Central Library MRSPTU Central Library     631.422 SA-I P2209 08/17/2023 08/17/2023 Book

Website Designed and Developed by MRSPTU Central Library Team

E-mail Id: librarian@mrsptu.ac.in